Harry Potter - J - Statistiques

Statistiques générales
  • Ce quiz a été pris 111 fois
  • Le résultat moyen est 5 sur 16
Statistiques - réponses
Description Nom % Correct
Père de Harry James Potter
100%
Élève de PoufsouffleAyant été attaqué par le Basilic Justin Flinch-Fletchey
56%
Horcruxe Journal intime
44%
Prénom de l'auteur Joanne
41%
Boisson populaire chez les sorciers Jus de citrouille
40%
Créature issue de l'imagination des Lovegood Joncheruine
37%
Acteur de Fred weasley James Phelps
28%
Patronus de Ron Jack Russell terrier
27%
Acteur de Lucius Malefoy Jason Isaac
26%
Compositeur des musiques desTrois premiers films John Williams
21%
Il à traduit tout les Harry Potter(Ainsi que quasiment tout les livres De J.K Rowling) en français Jean-François Ménard
11%
Acteur de Slughorn Jim Broadbent
11%
Auror John Dawlish
7%
Il interprète Grindelwald adolescentsDans les reliques de la mort Jamie Campbell bower
6%
Et celui de Goyle Josh Herdman
4%
Acteur de crabbe Jamie Waylet
3%
Aucun quiz correspondant
Distribution des résultats
% des personnes avec chaque résultat
Percentile par nombre de réponses
Votre historique - résultats
Vous n’avez pas pris ce quiz